000 00310nam a22001217a 4500
020 _a0-07-019106-9
082 _a621.3121 STR'E
100 _aELLIOTT, THOMAS C
_966015
245 _aSTANDARD HANDBOOK OF POWER PLANT ENGINEERING
260 _aNEWYORK
_bMCGRAW HILL
_c1989
300 _aXIV, 6.145P
942 _cBK
999 _c574066
_d574066